Capital accumulation and technology transfer : A comparative analysis of Nigerian manufacturing industries

This book introduce about background the Nigerian economiy and the role of capital accumulation in the manufacturing industries. Foreign technology and the development of indigenous technology. Capital, accumulation, thechnology transfer, and economic development...

Bewaard in:
Bibliografische gegevens
Hoofdauteur: Thomas, D. Babatunde
Formaat: Boek
Taal:Undetermined
Gepubliceerd in: New York Praeger 1975
Onderwerpen:
Tags: Voeg label toe
Geen labels, Wees de eerste die dit record labelt!
Thư viện lưu trữ: Trung tâm Học liệu Trường Đại học Cần Thơ
LEADER 00924nam a2200217Ia 4500
001 CTU_228685
008 210402s9999 xx 000 0 und d
082 |a 338.06 
082 |b T454 
100 |a Thomas, D. Babatunde 
245 0 |a Capital accumulation and technology transfer : 
245 2 |b A comparative analysis of Nigerian manufacturing industries 
245 0 |c D. Babatunde Thomas 
260 |a New York 
260 |b Praeger 
260 |c 1975 
520 |a This book introduce about background the Nigerian economiy and the role of capital accumulation in the manufacturing industries. Foreign technology and the development of indigenous technology. Capital, accumulation, thechnology transfer, and economic development... 
650 |a Đổi mới công nghệ,Technological innovations 
650 |z Nigeria,Nigeria 
910 |b dqhieu 
980 |a Trung tâm Học liệu Trường Đại học Cần Thơ